00942cam a22002777a 4500020001800000020001500018040000800033082002600041245005100067260004800118300004800166650001900214650002100233650002100254650002100275650003000296650002100326650002100347650001900368700002800387700002200415856006800437942000700505999001700512952013500529 a9780124081345 a0124081347 cNLM04a612 ELS 2014 A056 Or.00aCellular endocrinology in health and disease / aAmsterdam ;aBoston :bElsevier/AP,cc2014. axi, 403 p. :bill. (chiefly col.) ;c25 cm. 0aEndocrinology. 0aEndocrine glands 0aEndocrine glands12aEndocrine Glands22aEndocrine System Diseases 7aEndocrine glands 7aEndocrine glands 7aEndocrinology.1 aUlloa-Aguirre, Alfredo.1 aConn, P. Michael.42uhttp://www.loc.gov/catdir/enhancements/fy1606/2014412502-d.html cEK c15773d15773 0010406612_000000000000000_MED_2014_A105_OR70969502aLBAbLBAcA105d2017-12-09o612 MED 2014 A105 Or.pA24417r2017-12-09yEK